000 00957nam a2200253Ia 4500
003 OSt
005 20221005104829.0
006 a|||||r|||| 00| 0
007 ta
008 221004b |||||||| |||| 00| 0 hin d
020 _a9788189997014 (hbk)
_c200
024 _a100302
037 _b406, 22/03/2010, Swaraj Prakashan
_cTextual
040 _aCRL
_cCRL
_bhin
041 _2hin
_ahin
082 _a4,2(P152), 152P4
100 _aगौतम, रूप चन्द
245 0 _aप्रिंट मीडिया
_b सिद्धान्त एंव व्यवहार
246 _aPrianṭa mīḍiyā: siddhānta eanva vyavahāra
260 _aदिल्ली
_bश्री नटराज प्रकाशन भारत
_c2004
300 _a190पृ0
_ccm.
942 _h4,2(P152), 152P4
_cTEXL
_2cc
999 _c1013926
_d1013926